| 000 | 00554nam a2200157Ia 4500 | ||
|---|---|---|---|
| 020 | _a0028223659 (Student ed.) | ||
| 040 | _cSEN | ||
| 082 | _a973 GLE 1997 A100 Or. | ||
| 100 | 1 | _aRitchie, Donald A., | |
| 245 | 1 | 0 |
_aAmerican history : _bthe modern era since 1865 / |
| 260 |
_aNew York, N.Y. : _bGlencoe/McGraw-Hill, _cc1997. |
||
| 300 |
_axxxviii, 906 p. : _bcol. ill., col. maps ; _c26 cm. |
||
| 500 | _aIncludes index. | ||
| 520 | _aPresents the social, cultural, economic, political and military aspects of American history since 1865. | ||
| 942 | _cEK | ||
| 999 |
_c12443 _d12443 |
||